Komunikačná politika ako súčasť marketingového mixu bakalárska práca

Salvato in:
Dettagli Bibliografici
Autore principale: Huňačková, Martina
Natura: Libro
Lingua:slovacco
Pubblicazione: Bratislava STU FCHPT 2018
Accesso online:Visualizza in OPAC
Tags: Aggiungi Tag
Nessun Tag, puoi essere il primo ad aggiungerne!!

MARC

LEADER 00000nam a2200000 a 4500
005 20260127134308.0
008 181112 2018 xo a 001 0 slo d
035 |a vtls011790110 
039 9 |y 201811121137  |z mschk03 
040 |a STUSCHK1  |b slo  |c STUSCHK1  |e AACR2 
100 1 |a Huňačková, Martina 
245 1 |a Komunikačná politika ako súčasť marketingového mixu  |b bakalárska práca  |c Martina Huňačková 
260 |a Bratislava  |b STU FCHPT  |c 2018 
300 |a 64 s.  |b il.  |c 25 cm 
500 |a Študijný program: automatizácia, informatizácia a manažment v chémii a potravinárstve 
500 |a Študijný odbor: automatizácia, priemyselné inžinierstvo 
500 |a Školiace pracovisko: ÚM- Oddelenie manažmentu chemických a potravinárskych technológií 
500 |a Evid. číslo: FCHPT-113709-63705 
910 |a SCHK95 
999 |c 9050  |d 9050